000 01017nam a2200229Ii 4500
003 JO-AjNU
008 230605s9999||||xx |||||||||||||| ||und||
017 _a2018/1/243
020 _a978- 9957- 642- 80- 8
040 _aJO-AjNU
_bara
_erda
_cJO-AjNU
041 _aara
050 1 4 _aJC751 2019
100 3 _aالعساف، شذى أحمد ,
_eauthor
_959208
245 0 0 _aالحق في حرمة الحياة الخاصة كقيد على حرية التعبير عن الرأي: دراسة مقارنة
250 _aط1
264 3 1 _aعمان: الدار العلمية الدولية للنشر والتوزيع؛ دار الثقافة للنشر والتوزيع، 2020
300 _a367ص
_bيحتوي على المصادر والمراجع من ص351- 367 يحتوي على مجموعة من الرسائل الجامعية
336 _atext
_btxt
_2rdacontent
337 _aunmediated
_bn
_2rdamedia
338 _avolume
_bnc
_2rdacarrier
650 4 _aحرية التعبير- القانون
_959209
999 _aA26632
_c30200
_d30200